00000000cas 2200000zi 4500
0019.933255
003CaOODSP
00520260423135119
006m     o  d f      
007cr cn ||||||||
008240201c20229999oncar p o    f0###a0eng|d
022 |a2819-0343
040 |aCaOODSP|beng|erda|cCaOODSP
043 |an-cn---
0861 |aDP2-10E-PDF
222 0|aInternal controls monitoring
24500|aInternal controls monitoring : |bfinal report.
264 1|a[Ottawa] : |bMilitary Police Complaints Commission, |c[2021]-
310 |aAnnual
336 |atext|btxt|2rdacontent
337 |acomputer|bc|2rdamedia
338 |aonline resource|bcr|2rdacarrier
3621 |aBegan with: 2021/2022.
500 |aIssued also in French under title: Surveillance des contrôles internes : rapport final.
500 |a"Presented by: Samson."
515 |aIssues for 2021/2022- called also Version December 31, 2021-
588 |aDescription based on: 2021/2022; title from PDF cover page.
588 |aLatest issue consulted: 2024/2025.
61010|aCanada. |bMilitary Police Complaints Commission|vPeriodicals.
650 0|aFinance, Public|zCanada|xAuditing|vPeriodicals.
655 7|aPeriodicals|2lcgft
7101 |aCanada. |bMilitary Police Complaints Commission, |eissuing body.
7102 |aSamson & Associates, |eauthor.
77508|tSurveillance des contrôles internes : |w(CaOODSP)9.933254